| 000 | 00426nam a2200169Ia 4500 | ||
|---|---|---|---|
| 005 | 20240823043557.0 | ||
| 008 | 240823s9999||||xx |||||||||||||| ||und|| | ||
| 041 | _aENGLISH | ||
| 082 | _A519 P8 | ||
| 100 | _aSeerengasamy V et al. | ||
| 245 | 0 | _aEngineering Mathematics -II | |
| 250 | _a2nd | ||
| 260 |
_c2008 _bAnuradha Publica |
||
| 500 | _aTRANSFERED | ||
| 650 |
_aEngineering Mathematics _bMathematics |
||
| 942 | _cBK | ||
| 999 |
_c210549 _d210549 |
||